|
|
|
|
| LEADER |
00000nab a2200000 a 4500 |
| 001 |
vtls000219531 |
| 003 |
SK-MaSNL |
| 005 |
20260304022536.0 |
| 008 |
111130c1985 xo 0 slo |
| 015 |
|
|
|a SNBRB19rr/mm-uuuuu
|
| 035 |
|
|
|a CL0229645
|
| 040 |
|
|
|a SNKBUCL
|b slo
|c SNKBUCL
|e AACR2
|
| 041 |
0 |
|
|a slo
|
| 044 |
|
|
|a xo
|c SK
|
| 080 |
|
|
|a 82.09:882-3(048)
|2 1981
|
| 080 |
|
|
|a 882-3(048)
|2 1981
|
| 100 |
1 |
|
|a Lenčo, Ján,
|d 1933-2012
|4 aut
|9 103758
|
| 245 |
1 |
0 |
|a Nový Bondarev
|c Ján Lenčo ; Jurij Vasiljevič Bondarev
|
| 300 |
|
|
|b Nedeľa, príloha Nového slova, č. 25, s. 7.
|
| 650 |
0 |
7 |
|a miniatúry
|2 snkbucl
|9 29985
|
| 650 |
0 |
7 |
|a poviedky psychologické
|2 snkbucl
|9 893883
|
| 655 |
|
7 |
|a články z novín a časopisov
|2 snkbucl
|9 267496
|
| 655 |
|
7 |
|a články z odboru literárna veda a krásna literatúra
|2 snkbucl
|9 770045
|
| 700 |
1 |
|
|a Bondarev, Jurij Vasilievič,
|d 1924-2020
|4 aut
|9 197599
|
| 773 |
0 |
|
|t Nové slovo
|g Roč. 27, č. 25 (1985)
|
| 787 |
0 |
8 |
|i Rec.:
|a Bondarev, Jurij Vasiljevič
|t Okamžiky
|d Praha : Naše vojsko, 1983
|
| 850 |
|
|
|a Slovenská národná knižnica v Martine
|a MTA001
|
| 852 |
|
|
|a SNK
|b KIS3GCP
|
| 958 |
|
|
|a RK
|
| 958 |
|
|
|a LX
|
| 958 |
|
|
|a SU
|
| 992 |
|
|
|a RBX
|
| 999 |
|
|
|c 2611821
|d 2613751
|